000 00351nam a22001217a 4500
999 _c1222
_d1222
005 20200826121352.0
008 200826b ||||| |||| 00| 0 eng d
020 _a0582020085
040 _cCML
245 _aTeaching English Through English.
_cWillis, J.
260 _aHarlow
_bLongmans Group Ltd
_c1982
942 _2ddc
_cBK
_h428.07
_mWIL